"und alles wegen Evas Äpfelchen!" (Record no. 5757)

MARC details
000 -LEADER
fixed length control field 00635cam a22002051 4500
001 - CONTROL NUMBER
control field af 48003753
003 - CONTROL NUMBER IDENTIFIER
control field DLC
005 - DATE AND TIME OF LATEST TRANSACTION
control field 20260227110904.0
008 - FIXED-LENGTH DATA ELEMENTS--GENERAL INFORMATION
fixed length control field 890210s1941 gw a 000 0 ger c
010 ## - LIBRARY OF CONGRESS CONTROL NUMBER
LC control number af 48003753
035 ## - SYSTEM CONTROL NUMBER
System control number (OCoLC)19169439
040 ## - CATALOGING SOURCE
Original cataloging agency Yale Univ. Library
Transcribing agency CU
Modifying agency DLC
042 ## - AUTHENTICATION CODE
Authentication code premarc
050 00 - LIBRARY OF CONGRESS CALL NUMBER
Classification number PN6195
Item number .Z4
100 1# - MAIN ENTRY--PERSONAL NAME
Personal name Zglinitzki, Prusz von,
Dates associated with a name 1884-1957.
245 10 - TITLE STATEMENT
Title "und alles wegen Evas Äpfelchen!"
Statement of responsibility, etc. [Von] Peter Purzelbaum [pseud.] Zeichnungen von Fritz Schönpflug.
260 ## - PUBLICATION, DISTRIBUTION, ETC.
Place of publication, distribution, etc. Mühlhausen,
Name of publisher, distributor, etc. Bergwald-Verlag
Date of publication, distribution, etc. [c1941]
300 ## - PHYSICAL DESCRIPTION
Extent 159 p.
Other physical details illus.
Dimensions 19 cm.
650 #0 - SUBJECT ADDED ENTRY--TOPICAL TERM
Topical term or geographic name entry element German wit and humor.

No items available.

Powered by Koha